| 000 | 00907cam a2200289I 4500 | ||
|---|---|---|---|
| 999 |
_c6245 _d6245 |
||
| 001 | 6245 | ||
| 003 | BD-JhCC | ||
| 005 | 20180125172017.0 | ||
| 008 | 711124s1965 enk b 000 0 eng | ||
| 035 | _aCONN169842 | ||
| 035 | _aocm00175385 | ||
| 035 | _a(BD-JhCC)6245 | ||
| 035 | _a117097 | ||
| 040 |
_aDLC _cWSU _dOCL _dUKM _dCUD _dBD-JhCC |
||
| 041 | _aeng | ||
| 050 | 0 | 0 |
_aLA132 _b.H59 |
| 082 | 0 |
_a370.195 _bHOL 1965 |
|
| 100 | 1 | _aHolmes, Brian. | |
| 245 | 1 | 0 |
_aProblems in education : _ba comparative approach / _cBrian Holmes |
| 260 |
_aLondon : _bRoutledge & Paul, _aNew York : _bHumanities Press, _c1965. |
||
| 300 |
_ax, 326, 13 p. _c23 cm. |
||
| 490 | 0 | _aInternational library of sociology and social reconstruction | |
| 504 | _aBibliography: p. 318-320. Bibliographical references included in "Notes" (p. 310-317) | ||
| 650 | 0 | _aComparative education. | |
| 942 |
_2ddc _cBK |
||